Определение равномерности толщины никелевых покрытий, нанесенных на циркониевые сплавы методом магнетронного распыления; Перспективы развития фундаментальных наук; Т. 1 : Физика

التفاصيل البيبلوغرافية
Parent link:Перспективы развития фундаментальных наук=Prospects of Fundamental Sciences Development: сборник научных трудов XIV Международной конференции студентов, аспирантов и молодых ученых, г. Томск, 25-28 апреля 2017 г./ Национальный исследовательский Томский политехнический университет (ТПУ) ; под ред. И. А. Курзиной, Г. А. Вороновой.— , 2017
Т. 1 : Физика.— 2017.— [С. 396-398]
المؤلف الرئيسي: Цяо Цзинвэнь
مؤلف مشترك: Национальный исследовательский Томский политехнический университет (ТПУ) Физико-технический институт (ФТИ) Кафедра общей физики (ОФ)
مؤلفون آخرون: Кашкаров Е. Б. Егор Борисович (научный руководитель)
الملخص:Заглавие с экрана
The report examines the effect of hydrogen concentration on the physical properties of titanium alloys. The experimental results show that after hydrogen peroxide treatment, hydrogen can reduce the tensile strength, the higher the hydrogen concentration, the lower the tensile strength.
اللغة:الروسية
منشور في: 2017
الموضوعات:
الوصول للمادة أونلاين:http://earchive.tpu.ru/handle/11683/41491
التنسيق: MixedMaterials الكتروني فصل الكتاب
KOHA link:https://koha.lib.tpu.ru/cgi-bin/koha/opac-detail.pl?biblionumber=622716

MARC

LEADER 00000naa2a2200000 4500
001 622716
005 20240119175220.0
035 |a (RuTPU)RU\TPU\conf\21518 
035 |a RU\TPU\conf\21517 
090 |a 622716 
100 |a 20170705d2017 k y0rusy50 ca 
101 0 |a rus 
102 |a RU 
105 |a y z 100zy 
135 |a drcn ---uucaa 
181 0 |a i  
182 0 |a b 
200 1 |a Определение равномерности толщины никелевых покрытий, нанесенных на циркониевые сплавы методом магнетронного распыления  |d Determination of thickness uniformity of nickel coatings deposited on zirconium alloys by magnetron sputtering  |f Цяо Цзинвэнь  |g науч. рук. Е. Б. Кашкаров 
203 |a Текст  |c электронный 
300 |a Заглавие с экрана 
330 |a The report examines the effect of hydrogen concentration on the physical properties of titanium alloys. The experimental results show that after hydrogen peroxide treatment, hydrogen can reduce the tensile strength, the higher the hydrogen concentration, the lower the tensile strength. 
461 1 |0 (RuTPU)RU\TPU\conf\21388  |t Перспективы развития фундаментальных наук  |l Prospects of Fundamental Sciences Development  |o сборник научных трудов XIV Международной конференции студентов, аспирантов и молодых ученых, г. Томск, 25-28 апреля 2017 г.  |o в 7 т.  |f Национальный исследовательский Томский политехнический университет (ТПУ) ; под ред. И. А. Курзиной, Г. А. Вороновой  |d 2017 
463 1 |0 (RuTPU)RU\TPU\conf\21389  |t Т. 1 : Физика  |v [С. 396-398]  |d 2017 
510 1 |a Determination of thickness uniformity of nickel coatings deposited on zirconium alloys by magnetron sputtering  |z eng 
610 1 |a труды учёных ТПУ 
610 1 |a электронный ресурс 
610 1 |a циркониевые сплавы 
610 1 |a неразрушающий контроль 
610 1 |a никелевые покрытия 
610 1 |a магнетронные распылительные системы 
610 1 |a электронная микроскопия 
700 0 |a Цяо Цзинвэнь 
702 1 |a Кашкаров  |b Е. Б.  |c физик  |c доцент, научный сотрудник Томского политехнического университета, кандидат физико-математических наук  |f 1991-  |g Егор Борисович  |4 727 
712 0 2 |a Национальный исследовательский Томский политехнический университет (ТПУ)  |b Физико-технический институт (ФТИ)  |b Кафедра общей физики (ОФ)  |3 (RuTPU)RU\TPU\col\18734 
801 2 |a RU  |b 63413507  |c 20170718  |g RCR 
856 4 |u http://earchive.tpu.ru/handle/11683/41491 
942 |c BK